The mountain in the sea / Ray Nayler.
Humankind discovers intelligent life in an octopus species with its own language and culture, and sets off a high-stakes global competition to dominate the future. Rumors begin to spread of a species of hyperintelligent, dangerous octopus that may have developed its own language and culture. Marine biologist Dr. Ha Nguyen, who has spent her life researching cephalopod intelligence, will do anything for the chance to study them. The transnational tech corporation DIANIMA has sealed the remote Con Dao Archipelago, where the octopuses were discovered, off from the world. Dr. Nguyen joins DIANIMA’s team on the islands: a battle-scarred security agent and the world’s first android. The octopuses hold the key to unprecedented breakthroughs in extrahuman intelligence. The stakes are high: there are vast fortunes to be made by whoever can take advantage of the octopuses’ advancements, and as Dr. Nguyen struggles to communicate with the newly discovered species, forces larger than DIANIMA close in to seize the octopuses for themselves. But no one has yet asked the octopuses what they think. And what they might do about it.
Record details
- ISBN: 0374605955
- ISBN: 9780374605957
- Physical Description: 456 pages : illustrations ; 22 cm
- Edition: First edition.
- Publisher: New York : MCD / Farrar, Straus and Giroux, 2022.
Search for related items by subject
| Subject: | Women marine biologists > Fiction. Octopuses > Fiction. Animal intelligence > Fiction. Androids > Fiction. Corporations > Fiction. |
| Genre: | Science fiction. Thrillers (Fiction) Novels. |
Available copies
- 1 of 1 copy available at scottsboropl.
Holds
- 0 current holds with 1 total copy.
Show Only Available Copies
| Location | Call Number / Copy Notes | Barcode | Shelving Location | Status | Due Date |
|---|---|---|---|---|---|
| scottsboropl | F Nay | 32269001235970 | Adult - Fiction | Available | - |
| LDR | 02811cam a2200697 i 4500 | ||
|---|---|---|---|
| 001 | 161501 | ||
| 003 | SBPL | ||
| 005 | 20230811094148.0 | ||
| 008 | 220520t20222022nyua 000 1 eng | ||
| 010 | . | ‡a 2022022851 | |
| 020 | . | ‡a0374605955 ‡qhardcover | |
| 020 | . | ‡a9780374605957 ‡qhardcover | |
| 024 | 8 | . | ‡a40031462476 |
| 035 | . | ‡a(OCoLC)1289242368 ‡z(OCoLC)1288660076 ‡z(OCoLC)1288964003 | |
| 050 | 0 | 0. | ‡aPS3614.A946 ‡bM68 2022 |
| 082 | 0 | 0. | ‡a813/.6 ‡223/eng/20220520 |
| 100 | 1 | . | ‡aNayler, Ray, ‡eauthor. ‡4aut |
| 245 | 1 | 4. | ‡aThe mountain in the sea / ‡cRay Nayler. |
| 250 | . | ‡aFirst edition. | |
| 264 | 1. | ‡aNew York : ‡bMCD / Farrar, Straus and Giroux, ‡c2022. | |
| 300 | . | ‡a456 pages : ‡billustrations ; ‡c22 cm | |
| 336 | . | ‡atext ‡btxt ‡2rdacontent | |
| 337 | . | ‡aunmediated ‡bn ‡2rdamedia | |
| 338 | . | ‡avolume ‡bnc ‡2rdacarrier | |
| 520 | . | ‡aHumankind discovers intelligent life in an octopus species with its own language and culture, and sets off a high-stakes global competition to dominate the future. Rumors begin to spread of a species of hyperintelligent, dangerous octopus that may have developed its own language and culture. Marine biologist Dr. Ha Nguyen, who has spent her life researching cephalopod intelligence, will do anything for the chance to study them. The transnational tech corporation DIANIMA has sealed the remote Con Dao Archipelago, where the octopuses were discovered, off from the world. Dr. Nguyen joins DIANIMA’s team on the islands: a battle-scarred security agent and the world’s first android. The octopuses hold the key to unprecedented breakthroughs in extrahuman intelligence. The stakes are high: there are vast fortunes to be made by whoever can take advantage of the octopuses’ advancements, and as Dr. Nguyen struggles to communicate with the newly discovered species, forces larger than DIANIMA close in to seize the octopuses for themselves. But no one has yet asked the octopuses what they think. And what they might do about it. | |
| 650 | 0. | ‡aWomen marine biologists ‡vFiction. | |
| 650 | 0. | ‡aOctopuses ‡vFiction. | |
| 650 | 0. | ‡aAnimal intelligence ‡vFiction. | |
| 650 | 0. | ‡aAndroids ‡vFiction. | |
| 650 | 0. | ‡aCorporations ‡vFiction. | |
| 655 | 7. | ‡aScience fiction. ‡2lcgft | |
| 655 | 7. | ‡aThrillers (Fiction) ‡2lcgft | |
| 655 | 7. | ‡aNovels. ‡2lcgft | |
| 901 | . | ‡a161501 ‡bAUTOGEN ‡c161501 ‡tbiblio | |